01126 a2200205 45000010006000000050017000060080041000230030015000640400040000790800033001192450029001520200022001812500011002032640049002143000019002635050501002821000017007837000021008008560099008214749720260407155742.0260407a2006 arg spa dAR-UNSa-BCEJYS aAR-UNSa-BCEJYSbspacAR-UNSa-BCEJYS a330.101.541xMacroeconomía10aMacroeconomía avanzada a978-84-481-4809-6 a3a.ed. 1aEspaña :bMcGraw-Hill Interamericanac2006 a690 p.c24 cm. a1. Modelo de crecimiento de Solow - 2. Modelos de horizonte temporal infinito y de generaciones solapadas - 3. La nueva teoría del crecimiento - 4. La teoría del ciclo económico real - 5. Las teorías tradicionales keynesianas sobre las fluctuaciones económicas - 6. Fundamentos microeconómicos del ajuste nominal incompleto - 7. El consumo - 8. La inversión - 9. El desempleo - 10. La inflación y la política monetaria - 11. El déficit presupuestario y la política fiscal - 1 aRomer, David1 aTrinidad, Gloria41uhttps://www.biblioeco.unsa.edu.ar/pmb/images/libros/L127531.jpgyImagen de portadaqimage/jpeg